01081 2200277 4500001002100000005001500021035002000036007000300056008004100059020001700100082001000117084001600127100002900143245004600172250002000218300003800238500034200276650002000618740002900638264003000667336002100697337003000718338002300748990001600771990001600787INLIS00000000000002320260410115301 a0010-0426000022ta260410 g 0 ind  a978979293837 a006.6 a006.6 WES s0 aWestriningsihePengarang1 aShortcourse coreldraw x6 /cWestriningsih acetakan pertama a204 halaman :bilustrasi ;c23 cm aCorelDRAW merupakan program desain grafis yang paling banyak digunakan oleh kebanyakan desainer grafis. Program ini lebih familiar dibandingkan program sejenis karena memiliki kemudahan dan banyak fitur yang disediakan. Pada versi terbaru, yakni CorelDRAW X6, terdapat berbagai peningkatan kemampuan dibandingkan dengan versi sebelumnya. 4akomputer grafis aShortcourse corelDRAW x6 aYogyakarta :bANDI,c2013 2rdacontentateks 2rdamediaatanpa perantara 2rdacarrieravolume aPP000052/19 aPP000053/19